Madonna Songs - Statistics

General Stats
  • This quiz has been taken 1,526 times
    1,515 since last reset
  • The average score is 63 of 202
Answer Stats
Year Album Song % Correct
1984 Like a Virgin Like a Virgin
96%
1989 Like a Prayer Like a Prayer
93%
1986 True Blue True Blue
84%
1998 Ray of Light Ray of Light
81%
1990 I'm Breathless Vogue
81%
2000 Music Music
80%
1983 Madonna Holiday
79%
1986 True Blue Papa Don't Preach
77%
1984 Like a Virgin Material Girl
75%
1987 Who's That Girl Who's That Girl
75%
1992 Erotica Erotica
73%
1987 True Blue La Isla Bonita
72%
1998 Ray of Light Frozen
69%
2005 Confessions On a Dance Floor Hung Up
69%
1984 Madonna Borderline
64%
1985 Vision Quest/ Like a Virgin Into the Groove
64%
1996 Evita Don't Cry for Me Argentina
63%
2003 American Life American Life
61%
2008 Hard Candy (Ft. Justin Timberlake and Timbaland) 4 Minutes
60%
1989 Like a Prayer Express Yourself
60%
2000 The Next Big Thing/Music American Pie
59%
1984 Madonna Lucky Star
58%
2002 Die Another Day/ American Life Die Another Day
57%
1989 Like a Prayer Cherish
56%
2006 Confessions On a Dance Floor Sorry
54%
1986 True Blue Open Your Heart
53%
2009 Celebration Celebration
52%
1990 The Immaculate Collection Justify My Love
52%
1999 Austin Powers: The Spy Who Shagged Me Beautiful Stranger
51%
1986 True Blue Live to Tell
51%
1985 Vision Quest Crazy for You
50%
2015 Rebel Heart: Deluxe Rebel Heart
49%
2014 Rebel Heart Bitch I'm Madonna
47%
2000 Music Don't Tell Me
47%
1994 Bedtime Stories Secret
46%
2006 Confessions On a Dance Floor Jump
45%
1994 Bedtime Stories Take a Bow
45%
1985 Like a Virgin Dress You Up
44%
1990 I'm Breathless Hanky Panky
44%
1982 Madonna Everybody
43%
2003 American Life Hollywood
43%
1993 Erotica Rain
43%
1995 Bedtime Stories Bedtime Story
42%
1983 Madonna Burning Up
42%
1992 Erotica Deeper and Deeper
42%
1989 Like a Prayer Dear Jessie
41%
1995 Bedtime Stories Human Nature
40%
1989 Like a Prayer Oh Father
40%
1998 Ray of Light The Power of Goodbye
40%
2001 Music What It Feels Like for a Girl
40%
1992 Non-Album Single This Used to Be My Playground
39%
1985 Like a Virgin Angel
38%
1987 Who's That Girl Causing a Commotion
38%
1998 Ray of Light Drowned World (Substitute for Love)
38%
1993 Erotica Bad Girl
37%
2014 Rebel Heart Ghosttown
37%
2008 Hard Candy Give It 2 Me
37%
1999 Ray of Light Nothing Really Matters
37%
2014 Rebel Heart Living for Love
36%
2003 In the Zone (With Britney Spears) Me Against the Music
36%
1993 Erotica Fever
35%
2012 MDNA (Ft. Nicki Minaj and M.I.A. Give Me All Your Luvin'
35%
2005 Confessions On a Dance Floor Isaac
34%
1984 Like a Virgin Love Don't Live Here Anymore
34%
1990 I'm Breathless Something to Remember
34%
2006 Confessions On a Dance Floor Get Together
33%
2012 MDNA Girl Gone Wild
33%
2005 Confessions On a Dance Floor I Love New York
33%
1986 True Blue Jimmy Jimmy
32%
2003 American Life Love Profusion
32%
1989 Like a Prayer (Ft. Prince) Love Song
32%
1994 Bedtime Stories Forbidden Love
31%
2005 Confessions On a Dance Floor Forbidden Love
31%
1994 With Honors I'll Remember
31%
1990 Like a Prayer Keep It Together
31%
1991 The Immaculate Collection Rescue Me
31%
2008 Hard Candy Candy Shop
30%
1985 Vision Quest Gambler
30%
1996 Evita You Must Love Me
30%
1998 Ray of Light Candy Perfume Girl
29%
1998 Ray of Light Mer Girl
29%
1983 Madonna Physical Attraction
29%
1998 Ray of Light Swim
29%
1986 True Blue White Heat
29%
1995 Something to Remember You'll See
29%
2008 Hard Candy Miles Away
28%
2009 Celebration Revolver
28%
1998 Ray of Light Skin
28%
1989 Like a Prayer Act of Contrition
27%
1995 Something to Remember (Ft. Massive Attack) I Want You
27%
1986 True Blue Where's the Party
27%
1997 Evita Another Suitcase In Another Hall
26%
2015 Rebel Heart (Ft. Chance the Rapper and Mike Tyson) Iconic
26%
2003 American Life Mother & Father
26%
1987 A Very Special Christmas Santa Baby
26%
1993 Erotica Bye Bye Baby
25%
2005 Confessions On a Dance Floor Future Lovers
25%
2012 MDNA Gang Bang
25%
2000 Music Impressive Instant
25%
1998 Ray of Light Little Star
25%
2003 American Life Nothing Fails
25%
1984 Like a Virgin Pretender
25%
1998 Ray of Light Sky Fits Heaven
25%
1989 Like a Prayer Spanish Eyes
25%
2012 MDNA Turn Up the Radio
25%
1986 True Blue Love Makes the World Go Round
24%
2012 MDNA Masterpiece
24%
1984 Like a Virgin Over and Over
24%
1988 You Cand Dance Spotlight
24%
2008 Hard Candy (Ft. Kanye West) Beat Goes On
23%
2014 Rebel Heart Devil Pray
23%
2005 Confessions On a Dance Floor How High
23%
1983 Madonna I Know It
23%
2015 Rebel Heart Joan of Arc
23%
1989 Like a Prayer Promise to Try
23%
2005 Confessions On a Dance Floor Push
23%
1992 Erotica Secret Garden
23%
2015 Rebel Heart: Deluxe S.E.X.
23%
1984 Like a Virgin Shoo-Bee-Doo
23%
1990 I'm Breathless Sooner or Later
23%
1984 Like a Virgin Stay
23%
2000 Music Gone
22%
2014 Rebel Heart Illuminati
22%
1998 Ray of Light Shanti/Ashtangi
22%
2008 Hard Candy She's Not Me
22%
1987 Who's That Girl The Look of Love
22%
1983 Madonna Think of Me
22%
1989 Like a Prayer Till Death Do Us Part
22%
1994 Bedtime Stories Don't Stop
21%
2015 Rebel Heart Holy Water
21%
1994 Bedtime Stories (Ft. Meshell Ndegeocello) I'd Rather Be Your Lover
21%
2005 Confessions On a Dance Floor Let It Will Be
21%
2005 Confessions On a Dance Floor Like It or Not
21%
2000 Music Paradise (Not for Me)
21%
1994 Bedtime Stories Survival
21%
2014 Rebel Heart Unapologetic Bitch
21%
1992 Erotica Waiting
21%
2000 Music Amazing
20%
2008 Hard Candy Heartbeat
20%
1990 I'm Breathless I'm Going Bananas
20%
1992 Erotica In This Life
20%
2003 American Life Nobody Knows Me
20%
2000 Music Runaway Lover
20%
1994 Bedtime Stories Sanctuary
20%
2008 Hard Candy Spanish Lesson
20%
1992 Erotica Thief of Hearts
20%
1998 Ray of Light To Have and Not to Hold
20%
1992 Erotica Words
20%
2003 American Life X-Static Process
20%
2012 MDNA: Deluxe (Ft. M.I.A.) B-Day Song
19%
2015 Rebel Heart Body Shop
19%
1992 Erotica (Ft. Mark Goodman and Dave Murphy) Did You Do It?
19%
1990 I'm Breathless He's a Man
19%
2003 American Life I'm So Stupid
19%
1994 Bedtime Stories Inside of Me
19%
2000 Music Nobody's Perfect
19%
1996 Something to Remember One More Chance
19%
1992 Erotica Where Life Begins
19%
1992 Erotica Why's It So Hard
19%
2008 Hard Candy Devil Wouldn't Recognize You
18%
2015 Rebel Heart HeartBreakCity
18%
2000 Music I Deserve It
18%
2012 MDNA (Ft. Nicki Minaj) I Don't Give A
18%
1987 Who's That Girl Can't Stop
17%
2003 American Life Easy Ride
17%
2012 MDNA I'm Addicted
17%
2003 American Life Intervention
17%
1990 I'm Breathless More
17%
2015 Rebel Heart Hold Tight
16%
1990 I'm Breathless (Ft. Warren Beatty) Now I'm Following You, Pt. 1
16%
1990 I'm Breathless (Ft. Warren Beatty) Now I'm Following You, Pt. 2
16%
2012 MDNA Superstar
16%
2015 Rebel Heart: Deluxe (Ft. Nas) Veni Vidi Vici
16%
2008 Hard Candy Voices
16%
2008 Hard Candy (Ft. Justin Timberlake) Dance 2night
15%
1998 Ray of Light: Bonus Track Has to Be
15%
2012 MDNA I'm a Sinner
15%
2008 Hard Candy Incredible
15%
1994 Bedtime Stories Love Tried to Welcome Me
15%
1990 I'm Breathless Cry Baby
14%
2015 Rebel Heart: Deluxe Messiah
14%
1990 I'm Breathless (Ft. Mandy Patinkin) What Can You Lose
14%
1990 I'm Breathless Back In Business
13%
2012 MDNA Falling Free
13%
2015 Rebel Heart Wash All Over Me
13%
2012 MDNA: Deluxe Beautiful Killer
12%
2012 MDNA: Deluxe Best Friend
12%
2015 Rebel Heart: Deluxe Best Night
12%
2000 Music: Bonus Track Cyber-Raga
12%
2012 MDNA: Deluxe I Fucked Up
12%
2015 Rebel Heart Inside Out
12%
2012 MDNA Love Spent
12%
2012 MDNA Some Girls
12%
2015 Rebel Heart: Super Deluxe Beautiful Scars
11%
2015 Rebel Heart: Super Deluxe Addicted
10%
2015 Rebel Heart: Super Deluxe Graffiti Heart
9%
1996 Evita (Ft. Antonio Banderas) Lament
9%
2008 Hard Candy: Bonus Track Ring My Bell
9%
2015 Rebel Heart: Super Deluxe Autotune Baby
8%
2015 Rebel Heart: Super Deluxe Borrowed Time
8%
2005 Confessions On a Dance Floor: Bonus Track Fighting Spirit
8%
2000 Music: Bonus Track Lo Que Siente la Mujer
7%
No matching quizzes found
Score Distribution
Percent of People with Each Score
Percentile by Number Answered
Your Score History
You have not taken this quiz since the last reset